1842 1085 1284 1863 1765 1172 1126 1817 1044 1598 1220 1886 1120 1133 1620 1215 1564 1163 1300 1603 1168 1379 1056 1532 1563 1329 1389 1804 1237 1194 1470 1319 1710 1882 1508 1074 1259 1972 1649 1417 1635 1995 1960 1532 1735 1054 1135 1239 1857 1856 1605 1040 1383 1180 1517 1243 1343 1174 1036 1500 1432 1977 1929 1413 1336 1150 1199 1806 1203 1614 1584 1871 1096 1229 1752 1904 1283 1752 1096 1999 1433 1374 1339 1214 1166 1262 1687 1676 1179 1915 1634 1114 1699 1130 1030 1227 1276 1095 1781 BCNSPRNW ULIB Ver.6.0+V

เปลี่ยนเป็นภาษาไทย

Change to English
 แสดงรายละเอียดบรรณานุกรม
  กลับหน้าหลัก

Brief Record : Get Marc (ISO 2709) : E-mail record : QR code < ปิดหน้าต่าง
LEADER : 00000nam 2200000uu 4500
001    13399110908
003     ULIB
008    110613s||||||||th 000 0 tha d
020    9749006596
050  4 AC158^bค155ซ 2546
100    ครอนไคน์, โดนัลด์
245    เซลล์และพันธุกรรม/ ^cผู้แต่ง ครอนไคน์, โดนัลด์; แปลและเรียบเรียง ตรัยเทพ เกษศิลป์
246 31 สำรวจโลกวิทยาศาสตร์
260    กรุงเทพฯ : ^bเพียร์สัน เอ็ดดูเคชั่น อินโดไชน่า, ^c2546
300    200 หน้า : ^bภาพประกอบ ; ^c28 ซม.
490    สำรวจโลกวิทยาศาสตร์
650  7 เซล์
650  7 วิทยาศาสตร์ ^xการทดลอง
650  7 พันธุกรรม
700    ตรัยเทพ เกษศิลป์, ^eผู้แปล
945    ^p0^l0^i028558
995    ทศพร
999 ^a ใช้งานได้ทุกระบบ
รายการนี้ยังไม่มีแท็ก
คุณยังไม่ได้ล็อกอิน คุณสามารถมีกิจกรรมร่วมกับเว็บไซต์ได้ แต่ต้องล็อกอินก่อน ::
  ล็อกอิน

รายการสื่อสารสนเทศ

ลำดับที่ ประเภท เลขเรียก/บาร์โค้ด สถานที่ สถานะ
- ไม่พบข้อมูล -

รายการใกล้เคียง
    หัวเรื่อง [พันธุกรรม]

BibComment


ยังไม่เคยถูกคอมเมนท์

คอมเมนท์ทรัพยากรรายการนี้
  คอมเมนท์: เซลล์และพันธุกรรม..


 Copyright 2026. Bcnsprnw @Library